Online
Catalog

Elit-tile-2010 : (Record no. 44854)

MARC details
000 -CABECERA
campo de control de longitud fija 00814nam a2200193 a 4500
001 - NÚMERO DE CONTROL
campo de control 000045365
005 - FECHA Y HORA DE LA ÚLTIMA TRANSACCIÓN
campo de control 20240319121127.0
008 - DATOS DE LONGITUD FIJA--INFORMACIÓN GENERAL
campo de control de longitud fija 150305s2010 dr abc 000 0 spa d
020 ## - NÚMERO INTERNACIONAL ESTÁNDAR DEL LIBRO
Número Internacional Estándar del Libro 9789945866643
040 ## - FUENTE DE LA CATALOGACIÓN
Centro catalogador/agencia de origen DO-SdBNP
Lengua de catalogación spa
Centro/agencia transcriptor BNPHU
082 ## - NÚMERO DE LA CLASIFICACIÓN DECIMAL DEWEY
Número de clasificación xxxx
Número de documento/Ítem xxxx
111 1# - ENTRADA PRINCIPAL--NOMBRE DE CONGRESO/REUNIÓN
Nombre de congreso/reunión o jurisdicción como elemento de entrada Trienal Internacional del Tile Cerámico
Número del congreso/reunión o número de parte o sección (4:
Fecha del congreso/reunión 15 de abr.- 18 de jul, 2010
Sede del congreso/Lugar de la reunión Santiago de los Caballeros, República Dominicana)
9 (RLIN) 73402
245 10 - MENCIÓN DE TÍTULO
Título Elit-tile-2010 :
Resto del título Trienal Internacional del Tile Cerámico; Centro León. /
Mención de responsabilidad, etc. coordinación Sara Hermann ; textos Rafael Emilio Yunén, Thimo Pimentel.
260 ## - PUBLICACIÓN, DISTRIBUCIÓN, ETC.
Lugar de publicación, distribución, etc. Santo Domingo :
Nombre del editor, distribuidor, etc. Centro Leon,
Fecha de publicación, distribución, etc. 2010.
300 ## - DESCRIPCIÓN FÍSICA
Extensión 167 p i :
Otras características físicas il., mapas, retrs. ;
Dimensiones 23 cm.
700 12 - PUNTO DE ACCESO ADICIONAL--NOMBRE DE PERSONA
Nombre de persona Hermann, Sara,
Término indicativo de función/relación coord.
9 (RLIN) 58086
700 12 - PUNTO DE ACCESO ADICIONAL--NOMBRE DE PERSONA
Nombre de persona Yunén, Rafael Emilio
Fechas asociadas al nombre 1952-
9 (RLIN) 2304
700 12 - PUNTO DE ACCESO ADICIONAL--NOMBRE DE PERSONA
Nombre de persona Pimentel, Thimo
9 (RLIN) 6477
Holdings
Estado de retiro Estado de pérdida No para préstamo Código de colección Localización permanente Ubicación/localización actual Ubicación en estantería Fecha de adquisición Número de inventario Total de préstamos Signatura topográfica completa Código de barras Fecha visto por última vez Precio válido a partir de Tipo de ítem Koha Número de copia
    Excluido de préstamo Patrimonio Dominicano Patrimonio Dominicano Patrimonio Dominicano Depósito 05.03.2015 LF1   xxxx xxxx 45365-10 25.06.2020 25.06.2020 Libro y Folleto Colección Patrimonio Dominicano  
    Excluido de préstamo Patrimonio Dominicano Patrimonio Dominicano Patrimonio Dominicano Depósito 01.05.2015 LF1   xxxx xxxx 45365-20 25.06.2020 25.06.2020 Libro y Folleto Colección Patrimonio Dominicano e. 2

Powered by Koha